Random Olympic Host Cities - Statistics

General Stats
  • This quiz has been taken 1,790 times
    415 since last reset
  • The average score is 15 of 25
Answer Stats
Year City % Correct
1964 S Tokyo, Japan
93%
2020 S Tokyo, Japan
91%
1932 S Los Angeles, United States
89%
2024 S Paris, France
89%
2012 S London, United Kingdom
86%
2016 S Rio de Janeiro, Brazil
83%
1900 S Paris, France
82%
1984 S Los Angeles, United States
80%
1936 S Berlin, Germany
79%
1948 S London, United Kingdom
79%
2028 S Los Angeles, United States
76%
1908 S London, United Kingdom
75%
1924 S Paris, France
75%
2008 S Beijing, China
73%
1980 S Moscow, Soviet Union
73%
1896 S Athens, Greece
71%
1996 S Atlanta, United States
71%
1992 S Barcelona, Spain
71%
1988 S Seoul, South Korea
71%
2000 S Sydney, Australia
71%
1912 S Stockholm, Sweden
70%
1972 S Munich, West Germany
68%
2022 W Beijing, China
67%
1968 S Mexico City, Mexico
67%
1956 S Melbourne, Australia / Stockholm, Sweden
66%
2010 W Vancouver, Canada
65%
1952 S Helsinki, Finland
62%
1976 S Montreal, Canada
61%
2014 W Sochi, Russia
58%
2006 W Turin, Italy
58%
2004 S Athens, Greece
56%
2026 W Milan-Cortina d'Ampezzo, Italy
56%
1964 W Innsbruck, Austria
55%
1960 S Rome, Italy
54%
1904 S St. Louis, United States
54%
1928 S Amsterdam, Netherlands
50%
2032 S Brisbane, Australia
50%
2002 W Salt Lake City, United States
50%
1984 W Sarajevo, Yugoslavia
48%
1994 W Lillehammer, Norway
47%
1952 W Oslo, Norway
47%
1932 W Lake Placid, United States
45%
1920 S Antwerp, Belgium
44%
1956 W Cortina d'Ampezzo, Italy
44%
2034 W Salt Lake City, United States
44%
1992 W Albertville, France
43%
1980 W Lake Placid, United States
43%
1998 W Nagano, Japan
42%
1928 W St. Moritz, Switzerland
42%
1976 W Innsbruck, Austria
41%
1948 W St. Moritz, Switzerland
40%
1924 W Chamonix, France
39%
1988 W Calgary, Canada
38%
2018 W Pyeongchang, South Korea
36%
1972 W Sapporo, Japan
32%
1960 W Squaw Valley, United States
31%
1936 W Garmisch-Partenkirchen, Germany
30%
1968 W Grenoble, France
28%
2030 W French Alps, France
16%
No matching quizzes found
Score Distribution
Percent of People with Each Score
Percentile by Number Answered
Your Score History
You have not taken this quiz since the last reset